Famous People Quiz Part 7 - Statistics

General Stats
  • This quiz has been taken 10 times
  • The average score is 3 of 16
Answer Stats
Picture Hint Answer % Correct
getting Lyndon Johnson
63%
You Ra
50%
quiz Artemis
38%
Goliath
38%
not Horus
38%
this Ceres
13%
hints Lu Ban
13%
any Mary Midgley
13%
Someone you know TK
13%
Someone you know Aidan Boom
0%
are Amun
0%
Jonathon Swift
0%
Kasper
0%
Someone you know Mark Dobeck
0%
for Minerva
0%
Swift
0%
No matching quizzes found
Score Distribution
Percent of People with Each Score
Percentile by Number Answered
Your Score History
You have not taken this quiz